| 000 | 00769nam a2200205Ia 4500 | ||
|---|---|---|---|
| 999 |
_c38522 _d38522 |
||
| 001 | 4623 | ||
| 003 | GE_BSU | ||
| 005 | 20190515195652.0 | ||
| 008 | 181216s1960|||| |||||||||||||| ||geo|| | ||
| 040 | _cGE_BSU | ||
| 041 | _ageo | ||
| 080 | _a629.33(075.8) დ–40 | ||
| 100 |
_aდვალი,რ. _91202 |
||
| 245 |
_aავტომობილის თეორია : სახელმძღვ. / _cრ. დვალი ; რედ : გ. რაზმაძე. |
||
| 264 |
_aთბილისი : _bპოლიტექნ. ინ-ტი, _c1960. |
||
| 300 |
_a222 გვ .; _c22 სმ. |
||
| 653 | _aავტომობილის თეორია | ||
| 700 |
_aრაზმაძე, გ _eრედაქტორი _91080 |
||
| 942 |
_cBK _2udc |
||